|
|
|
|
| LEADER |
00926nam a2200265 i 4500 |
| 001 |
acta58495 |
| 005 |
20230308145531.0 |
| 008 |
190515s2000 hu o 0|| hun d |
| 020 |
|
|
|a 963 00 3899 4
|
| 022 |
|
|
|a 1585-8448
|
| 024 |
7 |
|
|a 10.14232/belvbook.2000.58495
|2 doi
|
| 040 |
|
|
|a SZTE Egyetemi Kiadványok Repozitórium
|b hun
|
| 041 |
|
|
|a hun
|
| 100 |
1 |
|
|a Gábor Kálmán
|
| 245 |
1 |
2 |
|a A középosztály szigete
|h [elektronikus dokumentum] /
|c Gábor Kálmán
|
| 260 |
|
|
|a Belvedere Meridionale
|b Szeged
|c 2000
|
| 300 |
|
|
|a 1-136
|c 24 cm
|
| 300 |
|
|
|a 136 p.
|c 24 cm
|
| 490 |
0 |
|
|a Ifjúsági korszakváltás
|
| 561 |
|
|
|a Belvedere Meridionale kötetek
|
| 650 |
|
4 |
|a Társadalomtudományok
|
| 650 |
|
4 |
|a Szociológia
|
| 695 |
|
|
|a Ifjúságszociológia - Magyarország - 1990-es évek
|
| 700 |
0 |
1 |
|a Jancsák Csaba
|
| 856 |
4 |
0 |
|u http://acta.bibl.u-szeged.hu/58495/1/2000_kalman_gabor_kozeposztaly_szigete.pdf
|z Dokumentum-elérés
|